000 00513nam a2200097Ia 4500
008 170517s9999 xx 000 0 und d
245 _aHalf Ton Man
300 _aWeighing the same as five baby elephants and a shade less than a Mini Cooper, Patrick Deuel is one of the heaviest men ever and a medical miracle. His heart and other organs should have collapsed long before he reached his record-breaking weight of 76 stone 8lbs. A...
650 _xTechnology.
856 _uhttp://topdocumentaryfilms.com/half-ton-man/
999 _c335044
_d335044